La protección penal del cheque: libramiento de cheques sin provisión, retiro de provisión, bloqueo del cheque, etc, falsificación de cheques. Derecho extranjero, derecho español
Gespeichert in:
| 1. Verfasser: | |
|---|---|
| Format: | Buch |
| Sprache: | Spanisch |
| Veröffentlicht: |
Barcelona
Bosch
1959
|
| Ausgabe: | 3a. ed |
| Schlagworte: | |
| Tags: |
Tag hinzufügen
Keine Tags, Fügen Sie den ersten Tag hinzu!
|
MARC
| LEADER | 00000nam a2200000 a 4500 | ||
|---|---|---|---|
| 001 | UCS0256 | ||
| 003 | CL-VaPUC | ||
| 008 | 970418e19590000SP |||||||||||||||||spa|d | ||
| 082 | 0 | 4 | |a 364.168 |b CUE |2 21 |
| 100 | 0 | |a Cuello Calón, Eugenio |e author |9 383498 | |
| 245 | 1 | 3 | |a La protección penal del cheque: libramiento de cheques sin provisión, retiro de provisión, bloqueo del cheque, etc, falsificación de cheques. Derecho extranjero, derecho español |
| 250 | |a 3a. ed | ||
| 300 | |a 103 p | ||
| 942 | |c BK | ||
| 945 | |d 19970418 00:00:00 |a paguirre | ||
| 260 | |a Barcelona |b Bosch |c 1959 | ||
| 650 | 0 | |a Cheque |9 257249 | |
| 650 | 7 | |a DELITOS SOBRE CHEQUES |2 CL-VaPUC |9 377305 | |
| 650 | 0 | |a Estafa |9 258622 | |
| 650 | 0 | |a Derecho comparado |9 255664 | |
| 650 | 7 | |a DELITO ECONOMICO |2 CL-VaPUC |9 342973 | |
| 651 | 0 | |a España |9 254926 | |
| 583 | |a last modification |c 19970418 00:00:00 |k Rodrigo Vera | ||
| 999 | |c 258495 |d 258493 | ||
| 952 | |0 0 |1 0 |4 0 |6 364_168000000000000_CUE_1959 |7 0 |8 A |9 282651 |a BIBDER |b BIBDER |d 2019-11-19 |i 1832867 |o 364.168 CUE 1959 |p 1832867 |r 2023-01-25 |w 2019-11-19 |y BK |k DER | ||